000 00611nam a2200241Ia 4500
003 OSt
005 20220924153602.0
006 a|||||r|||| 00| 0
007 ta
008 220923b |||||||| |||| 00| 0 tam d
024 _a350853
037 _cTextual
040 _aARTS
_cARTS
_btam
041 _2tam
_atam
082 _aY5927:1.21, 31P3
100 _aSivaramalingam K.
_9229297
245 0 _aVanniyar cilai elupatu
260 _c2003
300 _a325p.
_ccm.
650 _aSOCIOLOGY
942 _hY5927:1.21, 31P3
_cTEXL
_2CC
999 _c474145
_d474145